[Event "Moravka opJ"]
[Site "?"]
[Date "1994.??.??"]
[Round "2"]
[White "Fuksik, Jakub"]
[Black "Kalod, Radek"]
[Result "1/2-1/2"]
[WhiteElo "2145"]
[BlackElo "2235"]

1.e4 c5 2.Nf3 d6 3.Bb5+ Nd7 4.O-O a6 5.Bxd7+ Bxd7 6.d4 cxd4 7.Qxd4 e5 8.Qd3 h6
9.c4 Nf6 10.Nc3 Be7 11.b3 O-O 12.a4 b5 13.axb5 axb5 14.Rxa8 Qxa8 15.cxb5 Rb8
16.Be3 Bxb5 17.Nxb5 Qa6 18.Nd2 Qxb5 19.Qc3 Qb7 20.f3 Rc8 21.Qb2 Qb4 22.Rb1 d5
23.Qxe5 Rc2 24.Rb2 Bd6 25.Qd4 Bc5 26.Qxb4 Bxe3+ 27.Kf1 Rxb2 28.Qc3 Rxd2 29.Qxe3 Rd1+
30.Ke2 d4 31.Qf2 Rb1 32.Kd3 Rxb3+ 33.Kxd4 Nh7 34.Qa2 Rb8 35.Qa3 Nf8 36.f4 Ne6+
37.Ke3 Re8 38.h4 Nf8 39.g4 Nh7 40.g5 hxg5 41.hxg5 g6 42.Kf3 f6 43.Qd6 Rf8
44.e5 fxe5 45.Qxg6+ Kh8 46.f5 Rg8 47.Qh6 Rxg5 48.Ke4 Rg7 49.Kxe5 Kg8 50.Qe6+ Rf7
51.Qg6+ Kf8 52.Qh6+ Kg8 53.Qc6 Re7+ 54.Kd6 Rf7 55.Qa8+ Kg7 56.Ke6 Nf8+ 57.Ke5 Nh7
58.Qg2+ Kf8 59.Qg4 Re7+ 60.Kd6 Rd7+ 61.Kc6 Rf7 62.Qd4 Kg8 63.Qe5 Nf8 64.Qg3+ Rg7
65.Qh4 Rf7 66.Kd6 Nh7 67.Ke5 Kg7 68.Qg3+ Kf8 69.Qg6 Re7+ 70.Kd6 Rf7 71.Qxf7+  1/2-1/2

[Event "Moravka opJ"]
[Site "?"]
[Date "1994.??.??"]
[Round "8"]
[White "Polak, Tomas"]
[Black "Kalod, Radek"]
[Result "1/2-1/2"]
[WhiteElo "2415"]
[BlackElo "2235"]

1.e4 c5 2.Nf3 d6 3.Bb5+ Bd7 4.Bxd7+ Qxd7 5.O-O Nf6 6.Re1 Nc6 7.c4 Ne5 8.d3 e6
9.b3 Be7 10.Bb2 Nxf3+ 11.Qxf3 O-O 12.Nc3 Ne8 13.e5 Rd8 14.Rad1 Qc8 15.d4 cxd4
16.Rxd4 dxe5 17.Rxd8 Bxd8 18.Rxe5 Bf6 19.Re1 Nc7 20.Bc1 Rd8 21.Ne4 Be7 22.Be3 f5
23.Ng3 b6 24.Bf4 Bd6 25.Bg5 Re8 26.Qc6 Bxg3 27.hxg3 e5 28.Bc1 Qd8 29.Qf3 Qf6
30.Bb2 e4 31.Bxf6 exf3 32.Rxe8+ Nxe8 33.Be5 fxg2 34.a4 Kf7 35.Bb8 a6 36.Ba7 b5
37.axb5 axb5 38.cxb5 Nd6 39.b6 Ke6 40.Bb8 Nb7 41.Kxg2 Kd5 42.f4 Kc6 43.Be5 g6
44.Bd4 Nd8 45.Kh3 Ne6 46.Be3 h6 47.g4 fxg4+ 48.Kxg4 Nf8 49.Bd4 Ne6 50.Bf2 Nf8
51.Be3 Nd7 52.Bd4 Nxb6 53.Bg7 h5+ 54.Kg5 Nd5 55.Be5 Kb5 56.Bd6 h4  1/2-1/2

[Event "Moscow ol (Men)"]
[Site "Moscow"]
[Date "1994.??.??"]
[Round "2"]
[White "Barua, Dibyendu"]
[Black "Loginov, Valery A"]
[Result "0-1"]
[WhiteElo "2495"]
[BlackElo "2610"]

1.e4 c5 2.Nf3 d6 3.Bb5+ Bd7 4.Bxd7+ Qxd7 5.O-O e6 6.c3 Nf6 7.Qe2 Nc6 8.d4 cxd4
9.cxd4 d5 10.e5 Ne4 11.Rd1 Rc8 12.Be3 Be7 13.Ne1 f6 14.f3 Ng5 15.Nd3 O-O
16.Bf2 fxe5 17.dxe5 Qe8 18.Nc3 Qh5 19.Kh1 a6 20.Re1 Nb4 21.a3 Nxd3 22.Qxd3 Nf7
23.Bg3 Nh6 24.Re2 Rf7 25.Rae1 Nf5 26.Bf2 Qg6 27.Rd1 h5 28.Kg1 Bg5 29.g3 h4
30.Rc2 Rfc7 31.g4 Ne7 32.Qxg6 Nxg6 33.Bd4 Rc4 34.Kf2 Bf4 35.Re2 Bxh2  0-1

[Event "Moscow ol (Men)"]
[Site "Moscow"]
[Date "1994.??.??"]
[Round "2"]
[White "Nadyrhanov, S."]
[Black "Tilak, Sharad S"]
[Result "1-0"]
[WhiteElo "2475"]
[BlackElo "2415"]

1.e4 c5 2.Nf3 d6 3.Bb5+ Bd7 4.Bxd7+ Nxd7 5.O-O Ngf6 6.Qe2 e6 7.c4 Be7 8.Nc3 O-O
9.b3 a6 10.Bb2 Qa5 11.d4 cxd4 12.Nxd4 Rfe8 13.Kh1 Qh5 14.Qd2 d5 15.exd5 exd5
16.cxd5 Nxd5 17.Nf5 N5f6 18.Nxe7+ Rxe7 19.Rae1 Rae8 20.Rxe7 Rxe7 21.h3 h6
22.Rd1 Re8 23.Qd4 Nc5 24.Kg1 Ne6 25.Qb4 b5 26.a4 Rc8 27.Rd6 bxa4 28.Nxa4 a5
29.Qb7 Rc2 30.Qb8+ Kh7 31.Bxf6 gxf6 32.Rd3 Qe5 33.Qxe5 fxe5 34.Rd5 Rb2 35.Rxa5 Rxb3
36.Rxe5 Kg7 37.Re2 Ra3 38.Nb6 Rd3 39.Nc4 Rc3 40.Ne3 Kg6 41.Rb2 h5 42.h4 Rc5
43.Rd2 Ra5 44.g3 Rc5 45.Kg2 Ra5 46.Kf3 Ra4 47.Rd5 Nd4+ 48.Kg2 Ne6 49.Rd6 Kg7
50.Nc2 Rc4 51.Ne1 Rc5 52.Nd3 Rb5 53.Rd7 Ra5 54.Ne1 Re5 55.Nf3 Ra5 56.Nd2 Ra4
57.Kh3 Kg6 58.Rd5 Rf4 59.f3 Ra4 60.Rd7 Nc5 61.Rd6+ Ne6 62.Ne4 Kg7 63.Ng5 Ra3
64.Kg2 Ra2+ 65.Kf1 Nxg5 66.hxg5 Ra5 67.f4 Ra2 68.Rh6 Rh2 69.Kg1 Ra2 70.Rxh5 Rb2
71.Rh2 Rb1+ 72.Kg2 Ra1 73.Kf3 Rb1 74.Rc2 Ra1 75.Rc6 Rb1 76.f5  1-0

[Event "Moscow ol (Men)"]
[Site "Moscow"]
[Date "1994.??.??"]
[Round "2"]
[White "Galego, Luis"]
[Black "Ehlvest, Jaan"]
[Result "0-1"]
[WhiteElo "2440"]
[BlackElo "2600"]

1.e4 c5 2.Nf3 d6 3.Bb5+ Nd7 4.O-O a6 5.Bxd7+ Bxd7 6.b3 Nf6 7.e5 dxe5 8.Nxe5 Be6
9.Bb2 g6 10.d3 Bg7 11.Nd2 O-O 12.Qe2 Qc7 13.Ndf3 Rad8 14.a4 Nd5 15.a5 Bc8
16.Rfe1 f6 17.Nc4 e5 18.Nfd2 Nf4 19.Qe3 Ne6 20.Ba3 Nd4 21.Ra2 f5 22.f3 e4
23.Kh1 exd3 24.cxd3 Bd7 25.Qf2 Rfe8 26.Bb2 Rxe1+ 27.Qxe1 Re8 28.Qf1 Bb5 29.Ra1 Qe7
30.Rc1 Ne2 31.Rb1 Qh4 32.Qd1 Ng3+ 33.Kg1 Bd4+  0-1

[Event "Moscow"]
[Site "Moscow"]
[Date "1994.??.??"]
[Round "2"]
[White "Zaitsev, Igor A"]
[Black "Petkevich, Jusefs"]
[Result "1/2-1/2"]
[WhiteElo "2430"]
[BlackElo "2445"]

1.e4 c5 2.Nf3 d6 3.Bb5+ Nd7 4.d4 cxd4 5.Qxd4 a6 6.Bxd7+ Bxd7 7.Nc3 Nf6 8.Bg5 Bc6
9.O-O-O e6 10.Rhe1 Be7 11.Bxf6 Bxf6 12.Qxd6 Qxd6 13.Rxd6 Bxc3 14.bxc3 Ke7
15.Rd3 Rhc8 16.Nd4 Be8 17.Rg3 g6 18.e5 Rc5 19.Nb3 Rc4 20.Nd2 Ra4 21.Kb2 Bc6
22.c4 Rd8 23.Re2 b5 24.cxb5 Bxb5 25.c4 Bxc4 26.Nxc4 Rxc4  1/2-1/2

[Event "Moscow ol (Women)"]
[Site "Moscow"]
[Date "1994.??.??"]
[Round "2"]
[White "Kovalevskaya, Ekaterina"]
[Black "Rudaityte, Ilona"]
[Result "1/2-1/2"]
[WhiteElo "2290"]
[BlackElo "2160"]

1.e4 c5 2.Nf3 d6 3.Bb5+ Bd7 4.c4 Nf6 5.Nc3 g6 6.O-O Bg7 7.d3 O-O 8.h3 Nc6
9.Be3 e5 10.Nh2 Nh5 11.Qd2 f5 12.Bg5 Qe8 13.Nd5 Qf7 14.Ba4 f4 15.f3 h6 16.Bh4 g5
17.Bf2 Nf6 18.a3 h5 19.b4 b6 20.Bxc6 Bxc6 21.a4 Bxd5 22.cxd5 Qd7 23.bxc5 bxc5
24.Rfb1 g4 25.Bh4 gxh3 26.Kh1 Kh8 27.Rg1 Rab8 28.g3 Bh6 29.g4 hxg4 30.Bxf6+ Rxf6
31.Nxg4 Rg6 32.Qh2 Bg5 33.Nf2 Rb2 34.Rg4 Qh7 35.Qg1 h2 36.Qg2 Qh5 37.Rf1 Kh7
38.Qxh2 Qxh2+ 39.Kxh2 Rh6+ 40.Kg1 Bh4 41.Rg2 Bxf2+ 42.Rgxf2 Rg6+ 43.Kh1 Rb3
44.Rc1 Ra3 45.Rb1 Rxa4 46.Rb7+ Kg8 47.Rg2 Rxg2 48.Kxg2 Kf8 49.Rd7 Ra6 50.Kf2 Ke8
51.Rh7 Ra3 52.Ke2 a5 53.Rh6 Ra2+ 54.Ke1 Ra1+ 55.Kd2  1/2-1/2

[Event "Moscow ol (Men)"]
[Site "Moscow"]
[Date "1994.??.??"]
[Round "3"]
[White "Tkachiev, Vladislav"]
[Black "Smirin, Ilia"]
[Result "1/2-1/2"]
[WhiteElo "2535"]
[BlackElo "2615"]

1.e4 c5 2.Nf3 d6 3.Bb5+ Bd7 4.Bxd7+ Qxd7 5.c4 Nc6 6.O-O Nf6 7.Nc3 e6 8.d4 cxd4
9.Nxd4 Be7 10.b3 O-O 11.Bb2 Rfd8 12.Re1 Rac8 13.Qd2  1/2-1/2

[Event "Moscow ol (Men)"]
[Site "Moscow"]
[Date "1994.??.??"]
[Round "3"]
[White "Kotsur, Pavel"]
[Black "Alterman, Boris"]
[Result "1/2-1/2"]
[WhiteElo "2490"]
[BlackElo "2585"]

1.e4 c5 2.Nf3 d6 3.Bb5+ Bd7 4.Bxd7+ Qxd7 5.O-O Nf6 6.e5 dxe5 7.Nxe5 Qc8 8.b3 g6
9.Bb2 Bg7 10.Na3 O-O 11.Nac4 Nc6 12.Nxc6 Qxc6 13.a4 Rfd8 14.Re1 e6 15.Qe2 Rac8
16.Rad1 b6 17.Ne5 Qb7 18.d4 cxd4 19.Bxd4 Ne8 20.Bb2 Qc7 21.c4 Rxd1 22.Rxd1 Rd8
23.Rxd8 Qxd8 24.h3 Qd6 25.Ng4 h5 26.Ne5 Bf6 27.Nf3 Bxb2 28.Qxb2 Qd1+ 29.Kh2 Qd6+
30.g3 a5 31.Qe5 Kf8 32.Qe3 Kg7 33.Kg2 Nc7 34.Qe5+ Qxe5 35.Nxe5 Na6 36.Nd7 Nc5
37.Nxb6 Kf6 38.Kf3 Ke5 39.Ke3 Kd6 40.Nc8+ Kd7 41.Na7 Nxb3 42.Nb5 Nc5 43.Nc3 e5
44.f4 Ke6 45.fxe5 Kxe5 46.Ne2 Nxa4 47.Nd4 Nc5 48.Nc6+ Kd6 49.Nxa5 g5 50.h4 f6
51.Kd4 gxh4  1/2-1/2

[Event "Moscow ol (Men)"]
[Site "Moscow"]
[Date "1994.??.??"]
[Round "3"]
[White "Komliakov, Viktor"]
[Black "Lutz, Christopher"]
[Result "1/2-1/2"]
[WhiteElo "2455"]
[BlackElo "2580"]

1.e4 c5 2.Nf3 d6 3.Bb5+ Bd7 4.Bxd7+ Qxd7 5.c4 Nf6 6.Nc3 Nc6 7.O-O g6 8.d4 cxd4
9.Nxd4 Bg7 10.Nde2 O-O 11.f3 a6 12.a4 Qd8 13.Be3 Qa5 14.Rb1 Ne5 15.b3 Rfd8
16.Kh1 e6 17.Qd4 Qc7 18.Rfd1 Qe7 19.Qd2 Qc7 20.Rbc1 Rac8 21.Bg5 Rd7 22.Nd4 Nc6
23.Nd5 Qd8 24.Nxc6 bxc6 25.Nxf6+ Bxf6 26.Bxf6 Qxf6 27.Qa5 c5 28.Rc3 Qd8 29.Qxa6 Ra8
30.Qc6 Rc8 31.Qa6 Ra8 32.Qc6  1/2-1/2

[Event "Moscow2"]
[Site "Moscow"]
[Date "1994.??.??"]
[Round "3"]
[White "Arkhipov, Sergey"]
[Black "Shipov, Sergei"]
[Result "1/2-1/2"]
[WhiteElo "2530"]
[BlackElo "2525"]

1.e4 c5 2.Nf3 d6 3.Bb5+ Bd7 4.Bxd7+ Qxd7 5.c4 Nc6 6.d4 cxd4 7.Nxd4 Nf6 8.Nc3 Qg4
9.O-O Qxd1 10.Rxd1 Nxd4 11.Rxd4 Rc8 12.Bg5 Nd7 13.Rad1 g6 14.Nd5 h6 15.Be3 Bg7
16.R4d2 Rxc4 17.b3 Rxe4 18.f3 Rxe3 19.Nxe3 Nb6  1/2-1/2

[Event "Moscow ol (Men)"]
[Site "Moscow"]
[Date "1994.??.??"]
[Round "4"]
[White "Kudriashov, Anatoli"]
[Black "Vescovi, Giovanni"]
[Result "1-0"]
[WhiteElo "2375"]
[BlackElo "2455"]

1.e4 c5 2.Nf3 d6 3.Bb5+ Nd7 4.O-O Nf6 5.Re1 g6 6.c3 Bg7 7.d4 O-O 8.a4 a6
9.Bf1 b6 10.Bg5 h6 11.Bf4 Bb7 12.Bd3 Qc7 13.Qe2 e5 14.dxe5 dxe5 15.Bc1 c4
16.Bc2 Rac8 17.Na3 Ne8 18.Rd1 Ndf6 19.h3 Nd6 20.Nxe5 Rfe8 21.Rxd6 Qxd6 22.Nexc4 Qc7
23.f3 Nd5 24.Qf2 Nxc3 25.bxc3 b5 26.axb5 axb5 27.Ne3 Qxc3 28.Rb1 b4 29.Bb2 Qxb2
30.Rxb2 Bxb2 31.Nac4 Bd4 32.Bb3 Ba6 33.Nd6 Rc3 34.Bxf7+ Kf8 35.Kh2 Bxe3 36.Qh4 Bg5
37.Qg3 Re7 38.Bd5 Rc2 39.f4 Bf1 40.e5 Rd2  1-0

[Event "Moscow ol (Men)"]
[Site "Moscow"]
[Date "1994.??.??"]
[Round "4"]
[White "Safarzadeh, Esmail"]
[Black "Yang Xian"]
[Result "1/2-1/2"]
[WhiteElo "2315"]
[BlackElo "2420"]

1.e4 c5 2.Nf3 d6 3.Bb5+ Bd7 4.Bxd7+ Qxd7 5.c4 Nc6 6.O-O g6 7.d4 cxd4 8.Nxd4 Bg7
9.Be3 Nf6 10.f3 O-O 11.Nc3 a6 12.Rc1 Rac8 13.h3 Nxd4 14.Bxd4 b5 15.Nd5 Nxd5
16.Bxg7 Kxg7 17.cxd5 Rxc1 18.Qxc1 Rc8 19.Qd2 f6 20.Rc1 Qa7+ 21.Kf1 Rxc1+
22.Qxc1 Qd4 23.Ke2 Qe5 24.b3 f5 25.Kd3 fxe4+ 26.fxe4 Qh5 27.Qd2 Kg8 28.Qf2 Qd1+
29.Kc3 a5 30.Qd2 Qa1+ 31.Kd3  1/2-1/2

[Event "Moscow ol (Men)"]
[Site "Moscow"]
[Date "1994.??.??"]
[Round "4"]
[White "Ulibin, Mikhail"]
[Black "Istratescu, Andrei"]
[Result "1-0"]
[WhiteElo "2510"]
[BlackElo "2515"]

1.e4 c5 2.Nf3 d6 3.Bb5+ Nd7 4.d4 Nf6 5.Nc3 cxd4 6.Qxd4 a6 7.Bxd7+ Bxd7 8.Bg5 h6
9.Bxf6 gxf6 10.Nd5 Rc8 11.O-O-O Qa5 12.Nb6 Rc5 13.Nxd7 Kxd7 14.Kb1 Rg8 15.Nd2 Qc7
16.Qd3 e6 17.g3 f5 18.f4 fxe4 19.Nxe4 Rf5 20.c4 Be7 21.Nc3 Qc6 22.Rhe1 Rc5
23.Qh7 Rf8 24.Qxh6 Rc8 25.Qg7 Ke8 26.Qg8+ Bf8 27.Ne4 Rd8 28.Nf6+ Ke7 29.Nd5+ Kd7
30.Qxf7+ Kc8 31.Qxe6+ Kb8 32.b3 b5 33.Qf6 Rc8 34.Ne7 Bxe7 35.Rxe7 Rd8 36.Re6 Kc7
37.Qxd8+  1-0

[Event "Moscow ol (Men)"]
[Site "Moscow"]
[Date "1994.??.??"]
[Round "5"]
[White "Ricardi, Pablo"]
[Black "Nguyen Anh Dung"]
[Result "1-0"]
[WhiteElo "2495"]
[BlackElo "2340"]

1.e4 c5 2.Nf3 d6 3.Bb5+ Nd7 4.d4 Nf6 5.O-O Nxe4 6.Re1 Nf6 7.Bg5 a6 8.Bxd7+ Bxd7
9.Nc3 e6 10.dxc5 dxc5 11.Ne5 Bc6 12.Nxc6 Qxd1 13.Raxd1 bxc6 14.Na4 Be7 15.Be3 Nd7
16.Rd3 O-O-O 17.Red1 Ne5 18.Rxd8+ Rxd8 19.Rxd8+ Kxd8 20.Bxc5 Nd7 21.Bxe7+ Kxe7
22.Kf1 e5 23.Ke2 Kd6 24.Kd3 f5 25.b4 c5 26.a3 e4+ 27.Ke3 cxb4 28.axb4 Ke5
29.f3 Kd5 30.fxe4+ fxe4 31.c3 Ne5 32.Nb6+ Kc6 33.Kxe4 Ng4 34.Nd5 Nxh2 35.Ne3 h5
36.c4 Kb6 37.Kf4 h4 38.Kg5  1-0

[Event "Moscow ol (Men)"]
[Site "Moscow"]
[Date "1994.??.??"]
[Round "5"]
[White "Komliakov, Viktor"]
[Black "Vera, Reynaldo"]
[Result "1/2-1/2"]
[WhiteElo "2455"]
[BlackElo "2485"]

1.e4 c5 2.Nf3 d6 3.Bb5+ Nd7 4.O-O Nf6 5.Re1 a6 6.Bf1 b6 7.d4 cxd4 8.Nxd4 Bb7
9.c4 Nxe4 10.f3 Nef6 11.Nf5 e6 12.Nxd6+ Bxd6 13.Qxd6 Qe7 14.Bf4 Nh5 15.Qxe7+ Kxe7
16.Be3 Bc6 17.Nc3 Rhc8 18.b4 h6 19.Rad1 Nhf6 20.a4 a5 21.b5 Bb7 22.Bf4 Ne8
23.Nd5+ Bxd5 24.cxd5 Nc5 25.dxe6 fxe6 26.Bc4 Rd8 27.Rxd8 Rxd8 28.Be3 Rd6
29.Ra1 Nf6 30.Kf1 Nd5 31.Bxd5 Rxd5 32.Ke2 e5 33.g4 Ke6 34.Ra3 Ke7 35.h4 Ke6
36.h5 Ke7 37.Bf2 Ke6 38.Ra2 Ke7 39.Be3 Ke6 40.Ra3 Ke7  1/2-1/2

[Event "Moscow ol (Men)"]
[Site "Moscow"]
[Date "1994.??.??"]
[Round "6"]
[White "Rublevsky, Sergei"]
[Black "Ricardi, Pablo"]
[Result "1-0"]
[WhiteElo "2565"]
[BlackElo "2495"]

1.e4 c5 2.Nf3 d6 3.Bb5+ Bd7 4.Bxd7+ Nxd7 5.O-O Ngf6 6.Qe2 e6 7.b3 Be7 8.Bb2 O-O
9.c4 Re8 10.Kh1 a6 11.d4 Bf8 12.Nc3 Qb8 13.Rad1 b5 14.dxc5 Nxc5 15.b4 Ncd7
16.cxb5 axb5 17.a3 Rc8 18.Nd2 Ne5 19.Qxb5 Qxb5 20.Nxb5 Rc2 21.Bxe5 dxe5 22.f3 Rb8
23.a4 Ra8 24.a5 Bxb4 25.Nb3 h5 26.Rc1 Rb2 27.Rb1 Rxb1 28.Rxb1 Nd7 29.Rc1 Rb8
30.Na7 Ba3 31.Rc8+ Rxc8 32.Nxc8 Nb8 33.Kg1 Kf8 34.Kf2 Ke8 35.Ke2 f6 36.Nb6 Kd8
37.Kd3 Kc7 38.Kc4 Kc6 39.Nc8 Kb7 40.Nb6 Kc6 41.Na1 Na6 42.Nc2 Be7 43.Na4 g6
44.Nc3 Bd8 45.Nb4+ Nxb4 46.Kxb4 Bxa5+ 47.Kxa5 Kc5 48.Nd1 f5 49.Ka6 Kd4 50.Kb5 h4
51.Kc6 fxe4 52.fxe4 h3 53.g3 Kxe4 54.Nf2+ Kf3 55.Nxh3 Kg2 56.Ng5 Kxh2 57.Ne4 Kg2
58.Kd6 Kf3 59.Kxe5 g5 60.Kd4 g4 61.Ke5  1-0

[Event "Moscow"]
[Site "Moscow"]
[Date "1994.??.??"]
[Round "6"]
[White "Zaitsev, Igor A"]
[Black "Rausis, Igors"]
[Result "1-0"]
[WhiteElo "2430"]
[BlackElo "2495"]

1.e4 c5 2.Nf3 d6 3.Bb5+ Bd7 4.Bxd7+ Qxd7 5.O-O Nf6 6.Re1 Nc6 7.c3 e6 8.d4 cxd4
9.cxd4 d5 10.e5 Ng8 11.a3 Nge7 12.Nc3 Nc8 13.Qd3 Nb6 14.Re2 Rc8 15.Be3 Nc4
16.Rd1 a6 17.Rc2 b5 18.Ne2 Be7 19.Bg5 Bxg5 20.Nxg5 f6 21.exf6 gxf6 22.Nh3 O-O
23.Nhf4 Rf7 24.Qh3 Re8 25.Rd3 Kf8 26.Ng3 e5 27.Qh6+ Kg8 28.dxe5 Rxe5 29.h3 Qd6
30.b3 Re1+ 31.Kh2 N4e5 32.Nf5 Qf8 33.Rg3+ Kh8 34.Rxc6 Re4 35.Ne6 Qe8 36.Rg7 Rh4
37.Qxh4 Rxg7  1-0

[Event "Moscow op"]
[Site "Moscow"]
[Date "1994.??.??"]
[Round "7"]
[White "Vlassov, Nikolai"]
[Black "Ivanov, Timur"]
[Result "1/2-1/2"]
[WhiteElo "2390"]
[BlackElo "2435"]

1.e4 c5 2.Nf3 d6 3.Bb5+ Nc6 4.O-O Bd7 5.c3 a6 6.Bxc6 Bxc6 7.Re1 Nf6 8.d4 Bxe4
9.Bg5 d5 10.c4 e6 11.Bxf6 gxf6 12.Nc3 Bg7 13.cxd5 Bxd5 14.dxc5 Bc6 15.Nd4 Qc7
16.Nf5 Kf8 17.Nxg7 Kxg7 18.Re3 h5 19.Ne4 Qe5 20.Rg3+ Kf8 21.Qd6+ Qxd6 22.Nxd6 h4
23.Rc3 Rg8 24.f3 Ke7 25.b4 b5 26.Re1 a5 27.bxa5 Rxa5 28.a3 Rga8 29.Ree3 Ra4
30.Rb3 Kf8 31.Nxb5 Rc4 32.Nd6 Rxc5 33.Rbc3 Raa5 34.Rxc5 Rxc5 35.Ne4 Rc1+
36.Kf2 Rc2+ 37.Re2 Bxe4 38.fxe4 Rc4 39.Kf3 Ra4 40.Re3 Kg7 41.g3  1/2-1/2

[Event "Moscow ol (Men)"]
[Site "Moscow"]
[Date "1994.??.??"]
[Round "8"]
[White "Antonio, Rogelio Jr"]
[Black "Arnason, Jon L"]
[Result "1-0"]
[WhiteElo "2490"]
[BlackElo "2525"]

1.e4 c5 2.Nf3 d6 3.Bb5+ Bd7 4.Bxd7+ Nxd7 5.O-O Ngf6 6.Qe2 e6 7.b3 g6 8.c3 Bg7
9.d4 O-O 10.e5 Nd5 11.Re1 cxd4 12.cxd4 dxe5 13.dxe5 Rc8 14.Ba3 Nc5 15.Nbd2 Qa5
16.Nc4 Qa6 17.g3 Rfd8 18.Bxc5 Rxc5 19.a4 Nb4 20.Rad1 Rcd5 21.Rxd5 Rxd5 22.Qe4 Nd3
23.Re3 Nc5 24.Qc2 h6 25.h4 Qc6 26.Nd6 Qd7 27.Kg2 Bf8 28.Nb5 a6 29.Nc3 Bg7
30.Nxd5 Qxd5 31.b4 Nd7 32.Rd3 Qe4 33.Qc8+ Nf8 34.Rd4 Qc6  1-0

[Event "Moscow ol (Men)"]
[Site "Moscow"]
[Date "1994.??.??"]
[Round "8"]
[White "Lupu, Mircea Sergiu"]
[Black "West, Guy"]
[Result "1-0"]
[WhiteElo "2420"]
[BlackElo "2410"]

1.e4 c5 2.Nf3 d6 3.Bb5+ Bd7 4.Bxd7+ Nxd7 5.O-O Ngf6 6.Re1 e6 7.c3 Be7 8.d4 cxd4
9.cxd4 d5 10.e5 Ne4 11.Nbd2 Nxd2 12.Bxd2 O-O 13.Re3 b5 14.Rc1 Rc8 15.Rxc8 Qxc8
16.Rc3 Qb8 17.Bg5 Bxg5 18.Nxg5 h6 19.Nf3 Rc8 20.Qc2 Rxc3 21.Qxc3 Nb6 22.b3 Qc8
23.Qc5 Qxc5 24.dxc5 Nd7 25.c6 Nb6 26.Nd4 a6 27.c7 Kf8 28.Nc6 Ke8 29.Nb8 g5
30.f3 Nc8 31.g3 f6 32.f4 gxf4 33.gxf4 fxe5 34.fxe5 Kf7 35.Kf2 Kg6 36.Ke3 Kf5
37.Nc6 h5 38.Kd4 h4 39.Nd8 h3 40.Nf7 Kf4 41.Nd6 Ne7 42.c8=Q Nxc8 43.Nxc8 Kf3
44.Ne7 Kg2 45.Nxd5 Kxh2 46.Nf4 Kg3 47.Nxh3 Kxh3 48.Kc5  1-0

[Event "Moscow ol (Women)"]
[Site "Moscow"]
[Date "1994.??.??"]
[Round "8"]
[White "Uskova, Fliura"]
[Black "Peng, Zhaoqin"]
[Result "1-0"]
[WhiteElo "2250"]
[BlackElo "2370"]

1.e4 c5 2.Nf3 d6 3.Bb5+ Bd7 4.Bxd7+ Nxd7 5.d4 cxd4 6.Qxd4 Ngf6 7.c4 g6 8.Nc3 Bg7
9.O-O O-O 10.Bd2 a6 11.Qd3 Rc8 12.Qe2 Qc7 13.b3 e6 14.Rac1 Ng4 15.Rfd1 Nge5
16.Nxe5 Nxe5 17.Be3 Qc6 18.f3 Rfd8 19.a4 Nd7 20.Nb5 axb5 21.cxb5 Qxc1 22.Rxc1 Rxc1+
23.Bxc1 Rc8 24.Be3 Bc3 25.b6 Kf8 26.a5 Nb8 27.Qd3 Ke7 28.Bd2 Bb2 29.b4 Kd7
30.b5  1-0

[Event "Moscow ol (Men)"]
[Site "Moscow"]
[Date "1994.??.??"]
[Round "9"]
[White "Westerinen, Heikki MJ"]
[Black "Dao Thien Hai"]
[Result "1/2-1/2"]
[WhiteElo "2370"]
[BlackElo "2475"]

1.e4 c5 2.Nf3 d6 3.Bb5+ Nd7 4.d4 a6 5.Bxd7+ Bxd7 6.Be3 e6 7.Nc3 Qc7 8.dxc5 dxc5
9.Qd2 f6 10.Bf4 e5 11.Nd5 Qd8 12.Be3 Bc6 13.O-O-O Bxd5 14.Qxd5 Qxd5 15.Rxd5 Rd8
16.Rhd1 Rxd5 17.Rxd5 b6 18.Nd2 Ne7 19.Rd6 Nc8 20.Rd3 Bd6 21.Ra3 a5 22.Rd3 Kd7
23.a4 Kc6 24.Nc4 h5 25.h4 Bc7 26.Kd2  1/2-1/2

[Event "Moscow ol (Men)"]
[Site "Moscow"]
[Date "1994.??.??"]
[Round "9"]
[White "David, Alberto"]
[Black "Annageldiev, Orazly"]
[Result "0-1"]
[WhiteElo "2425"]
[BlackElo "2440"]

1.e4 c5 2.Nf3 d6 3.Bb5+ Nc6 4.Bxc6+ bxc6 5.O-O Bg4 6.h3 Bxf3 7.Qxf3 e5 8.Qg3 Nf6
9.d3 Be7 10.Na3 Qd7 11.Nc4 O-O 12.Bd2 Kh8 13.Qh2 Qe6 14.b3 Nd7 15.f4 f6 16.f5 Qf7
17.g4 d5 18.Ne3 c4 19.exd5 cxd5 20.bxc4 Nb6 21.cxd5 Nxd5 22.Nc4 Bc5+ 23.Kh1 Bd4
24.Rab1 Nb6 25.Nd6 Qxa2 26.c3 Qd5+ 27.Ne4 Bc5 28.Qe2 Nd7 29.Qf3 Be7 30.c4 Qc6
31.Kg2 a5 32.Nc3 Qxf3+ 33.Kxf3 Bb4 34.Ke2 Nc5 35.Nd5 Bxd2 36.Kxd2 a4 37.Rb5 Nb3+
38.Kc3 Nd4 39.Rb7 Rfb8 40.Rxb8+ Rxb8 41.c5 Rb3+ 42.Kc4 Nc6 43.Nb6 Na5+ 44.Kd5 Rxd3+
45.Ke6 a3 46.Rc1 Nc6 47.Nc4 h5 48.g5 fxg5 49.Nd6 Nd4+ 50.Ke7 a2 51.Kf8 Kh7
52.c6 Rc3 53.Ne4 Ne6+ 54.fxe6 Rxc1 55.Nxg5+ Kh6 56.e7 a1=Q  0-1

[Event "Moscow ol (Men)"]
[Site "Moscow"]
[Date "1994.??.??"]
[Round "9"]
[White "Ong Chong Ghee"]
[Black "Hernandez, Francisco"]
[Result "1-0"]
[WhiteElo "2305"]
[BlackElo "2245"]

1.e4 c5 2.Nf3 d6 3.Bb5+ Bd7 4.Bxd7+ Qxd7 5.O-O Nc6 6.c3 Nf6 7.d4 Nxe4 8.d5 Ne5
9.Nxe5 dxe5 10.Re1 Nd6 11.Rxe5 g6 12.Re2 Bg7 13.Bg5 O-O 14.Bxe7 Rfe8 15.Bxd6 Rxe2
16.Qxe2 Re8 17.Qd2 Bh6 18.Qd1 Qxd6 19.Na3 b5 20.Nxb5 Qb6 21.Qb3 Re2 22.Na3 Rd2
23.Nc4 Qxb3 24.axb3 Rxd5 25.Kf1 Rd7 26.Ra5 Rb7 27.Ke2 Bf8 28.g4 f6 29.f4 Kf7
30.Kf3 Rd7 31.Ra6 Be7 32.Ke4 Ke8 33.h4 h6 34.h5 Kf7 35.hxg6+  1-0

[Event "Moscow ol (Men)"]
[Site "Moscow"]
[Date "1994.??.??"]
[Round "10"]
[White "Michel Yunis, Christian D"]
[Black "Petursson, Margeir"]
[Result "0-1"]
[WhiteElo "2360"]
[BlackElo "2540"]

1.e4 c5 2.Nf3 d6 3.Bb5+ Nc6 4.O-O Bd7 5.Re1 Nf6 6.c3 a6 7.Bf1 Bg4 8.h3 Bxf3
9.Qxf3 g6 10.Qd1 Qb6 11.Na3 Bg7 12.Nc2 Nd7 13.d3 O-O 14.g3 Rfc8 15.Bg2 Rab8
16.Ne3 Qd8 17.a4 e6 18.Nc4 Nde5 19.f4 Nxc4 20.dxc4 Na5 21.Bf1 Qb6 22.Qc2 Nb3
23.Ra3 Nxc1 24.Qxc1 Qd8 25.Qe3 Qe7 26.Kh2 Bh6 27.Qf3 g5 28.Bd3 gxf4 29.gxf4 Kh8
30.Rg1 Qf6 31.f5 Rg8 32.Raa1 Qh4 33.Rxg8+ Rxg8 34.Rg1 Bf4+ 35.Kh1 Rxg1+ 36.Kxg1 Qe1+
37.Kg2 e5 38.Qf2 Qc1 39.Bf1 Kg7 40.Qe2 Kf6 41.Kf3 Ke7 42.Kg2 h6 43.Kf3 Qa1
44.Kf2 Qxa4 45.Qd3 Qb3 46.Qb1 Kd7 47.Bd3 Qb6 48.Ke2 h5 49.Kd1 Qd8 50.Kc2 Qh4
51.Qf1 Qg3 52.Be2 h4 53.Bg4 Ke7 54.Kb1 Qe3 55.Qe2 Qxe2 56.Bxe2 f6 57.Kc2 Kf8
58.b3 Kg7 59.Kd3 Kh6 60.Bd1 Kg5 61.Be2 Bc1 62.Kc2 Be3 63.Kd3 Kf4 64.Bg4 Bc1
65.Bd1 Bb2 66.Bg4 Ba1 67.Bd1 Bxc3 68.Kxc3 Kxe4 69.Kd2 b5 70.Be2 bxc4 71.Bxc4 a5
72.Bd3+ Kd4 73.Ba6 d5 74.Bb7 c4 75.bxc4 Kxc4 76.Bc6 Kd4 77.Ke2 e4 78.Kf2 Ke5
79.Bd7 d4 80.Ke2 Kf4 81.Kd2 Kg3 82.Bc6 e3+ 83.Ke2 Kxh3 84.Kf3 Kh2 85.Bb5 h3
86.Bf1 a4  0-1

[Event "Moscow ol (Women)"]
[Site "Moscow"]
[Date "1994.??.??"]
[Round "12"]
[White "Arribas, Maritza"]
[Black "Makropoulou, Marina"]
[Result "1-0"]
[WhiteElo "2200"]
[BlackElo "2280"]

1.e4 c5 2.Nf3 d6 3.Bb5+ Nd7 4.O-O Nf6 5.Re1 a6 6.Bf1 e6 7.c3 Be7 8.d4 cxd4
9.cxd4 d5 10.e5 Ne4 11.Nc3 Nxc3 12.bxc3 O-O 13.Bd3 Re8 14.Qd2 Nf8 15.Qf4 Bd7
16.h4 Ng6 17.Qg4 Rc8 18.Bd2 Bb5 19.Bc2 Nxh4 20.Bxh7+ Kxh7 21.Ng5+ Kg8 22.Qxh4 Bd3
23.Bf4 Bf5 24.Re3 f6 25.exf6 Bxf6 26.Qh5 Qe7 27.g4 g6 28.Qh4 Be4 29.Rh3 Qg7
30.Re1 Rf8 31.Be5 Bxe5 32.dxe5 Rc6 33.Nh7 Rfc8 34.Nf6+ Kf7 35.Nxe4 dxe4 36.Rxe4 Kg8
37.Qg5 Rf8 38.Rh6 Kf7 39.Rd4 Rc7 40.Rf4+ Ke8 41.Rxg6  1-0

[Event "Moscow ol (Men)"]
[Site "Moscow"]
[Date "1994.??.??"]
[Round "12"]
[White "Timman, Jan H"]
[Black "Short, Nigel D"]
[Result "1/2-1/2"]
[WhiteElo "2635"]
[BlackElo "2665"]

1.e4 c5 2.Nf3 d6 3.Bb5+ Bd7 4.Bxd7+ Qxd7 5.c4 Nc6 6.O-O Nf6 7.Nc3 e6 8.d4 cxd4
9.Nxd4 Be7 10.b3 O-O 11.Be3 Rfd8 12.Rc1 Rac8 13.Qe2 a6 14.Rfd1 Qc7 15.f3 Nd7
16.a4  1/2-1/2

[Event "Moscow ol (Men)"]
[Site "Moscow"]
[Date "1994.??.??"]
[Round "12"]
[White "O'Shaughnessy, Conor"]
[Black "Love, Anthony J"]
[Result "0-1"]
[WhiteElo "2270"]
[BlackElo "2330"]

1.e4 c5 2.Nf3 d6 3.Bb5+ Bd7 4.Bxd7+ Nxd7 5.O-O Ngf6 6.Qe2 e6 7.c3 Be7 8.d3 O-O
9.a4 b6 10.Nbd2 Qc7 11.Ne1 Rfc8 12.f4 Bf8 13.b3 a6 14.g4 Ne8 15.g5 b5 16.f5 Ne5
17.d4 cxd4 18.cxd4 Qb6 19.Bb2 exf5 20.Qf2 Nc6 21.Qxf5 Qb7 22.Nd3 g6 23.Qd5 bxa4
24.Rxa4 Qd7 25.Rc4 Bg7 26.Kh1 Rab8 27.e5 Rb5 28.Nc5 Qe7 29.exd6 Nxd6 30.Rcc1 Nb4
31.Qf3 Nf5 32.Nde4 Re8 33.Nf6+ Bxf6 34.gxf6 Qe2 35.Qxe2 Rxe2 36.Nxa6 h5 37.Rc8+ Kh7
38.Rc7 Rb7 39.Ba3 Nd3  0-1

[Event "Moscow ol (Men)"]
[Site "Moscow"]
[Date "1994.??.??"]
[Round "13"]
[White "Nadyrhanov, S."]
[Black "Petkevich, Jusefs"]
[Result "1/2-1/2"]
[WhiteElo "2475"]
[BlackElo "2440"]

1.e4 c5 2.Nf3 d6 3.Bb5+ Bd7 4.Bxd7+ Nxd7 5.O-O Ngf6 6.Qe2 e6 7.b3 Be7 8.Bb2 O-O
9.c4 a6 10.Nc3 Re8 11.Ng5 h6 12.Nh3 Ne5 13.f4 Nc6 14.g4 Nh7 15.Kh1 Bf6 16.Qg2 Bd4
17.Rae1 Nb4 18.Rf3 Nxa2 19.Nd1 Bxb2 20.Nxb2 Nb4 21.g5 h5 22.Nd3 Nc2 23.Ref1 Nd4
24.g6 fxg6 25.Rg3 Nf8 26.f5 exf5 27.exf5 Qd7 28.fxg6 Qc6 29.Nhf4 Qxg2+ 30.Rxg2 h4
31.Nd5 Re4 32.Rf7  1/2-1/2

[Event "Moscow"]
[Site "Moscow"]
[Date "1994.??.??"]
[Round "14"]
[White "Komliakov, Viktor"]
[Black "Rausis, Igors"]
[Result "1/2-1/2"]
[WhiteElo "2445"]
[BlackElo "2495"]

1.e4 c5 2.Nf3 d6 3.Bb5+ Bd7 4.Bxd7+ Qxd7 5.c4 Nc6 6.d4 cxd4 7.Nxd4 Nf6 8.Nc3 Qg4
9.O-O Qxd1 10.Rxd1 Nxd4 11.Rxd4 Rc8 12.b3 g6 13.Bb2 Bg7 14.Rd2 O-O 15.Nd5 Nxd5
16.Bxg7 Kxg7 17.Rxd5 Rc7  1/2-1/2